[Event "Amplico ch-EUR Blitz"]
[Site "Warsaw POL"]
[Date "2012.12.14"]
[Round "7.2"]
[White "Tkachiev, Vladislav"]
[Black "Romanov, Evgeny"]
[Result "1-0"]
[WhiteElo "2650"]
[BlackElo "2616"]
[EventDate "2012.12.14"]

1. c4 e5 2. Nc3 Nf6 3. Nf3 Nc6 4. e4 Bb4 5. d3 d6 6. a3 Bxc3+ 7. bxc3 Ne7 8. g3
O-O 9. Bg2 c6 10. O-O h6 11. a4 Qc7 12. Re1 Ng6 13. Qe2 Re8 14. Bb2 Bg4 15. h3
Be6 16. Kh2 Rad8 17. Nd2 d5 18. cxd5 cxd5 19. c4 dxe4 20. Nxe4 Nxe4 21. Qxe4 Bc8
22. a5 f5 23. Qe2 Bd7 24. Qh5 Kh7 25. Re2 Qd6 26. Bd5 Be6 27. Bxe6 Qxe6 28. Rae1
Rxd3 29. Rxe5 Nxe5 30. Rxe5 Qxe5 31. Bxe5 Rxe5 32. Qf7 Rxa5 33. Kg2 b6 34. h4
Rd8 35. h5 Rd6 36. Kg1 Rf6 37. Qd7 f4 38. Qd3+ Kg8 39. g4 f3 40. Qd8+ Rf8 41.
Qe7 Rg5 42. Qe6+ Kh7 43. Qe4+ Kg8 44. Qe6+ Kh8 45. Kh2 Rf4 46. Qe8+ Kh7 47. Qe3
Rgxg4 48. Qd3+ Kg8 49. Qd8+ Rf8 50. Qd5+ Kh8 51. Qd7 Rxc4 52. Qxa7 Rc5 53. Kg3
Rg5+ 54. Kh3 Rxh5+ 55. Kg4 Rg5+ 56. Kh3 b5 57. Qe7 Rf4 58. Qd8+ Kh7 59. Qd3+
Rgf5 60. Kg3 b4 61. Qb1 h5 62. Qc2 Kh6 63. Qc6+ Rf6 64. Qc2 h4+ 65. Kh3 Rb6 66.
Qb3 Rff6 67. Kg4 Kh7 68. Kh3 Rfc6 69. Qb1+ g6 70. Qb3 Rc3 71. Qf7+ Kh6 72. Qf4+ 1-0

[Event "Amplico ch-EUR Blitz"]
[Site "Warsaw POL"]
[Date "2012.12.14"]
[Round "8.1"]
[White "Tkachiev, Vladislav"]
[Black "Bukavshin, Ivan"]
[Result "1-0"]
[WhiteElo "2650"]
[BlackElo "2510"]
[EventDate "2012.12.14"]

1. d4 Nf6 2. c4 e6 3. g3 d5 4. Bg2 dxc4 5. Qa4+ c6 6. Qxc4 b5 7. Qc2 Bb7 8. Nf3
Nbd7 9. Ne5 Qb6 10. Be3 c5 11. Nxd7 Nxd7 12. Bxb7 Qxb7 13. O-O Rc8 14. Rc1 c4
15. a4 a6 16. axb5 axb5 17. Nc3 Be7 18. d5 exd5 19. Ra7 Qc6 20. Nxd5 Qxd5 21.
Rd1 Qe6 22. Rdxd7 Bf6 23. Rxf7 Qxf7 24. Rxf7 Kxf7 25. Qf5 Rhe8 26. Qd5+ Kg6 27.
g4 h6 28. Qxb5 Kh7 29. Kg2 Kh8 30. h4 Bxh4 31. Qh5 Be7 1-0

[Event "Amplico ch-EUR Blitz"]
[Site "Warsaw POL"]
[Date "2012.12.14"]
[Round "8.1"]
[White "Fridman, Daniel"]
[Black "Stocek, Jiri"]
[Result "0-1"]
[WhiteElo "2667"]
[BlackElo "2557"]
[EventDate "2012.12.14"]

1. c4 e5 2. g3 c6 3. Nc3 d5 4. cxd5 cxd5 5. d4 e4 6. h4 Bb4 7. Nh3 Ne7 8. Nf4
Nd7 9. Qa4 Bxc3+ 10. bxc3 O-O 11. Ba3 Nb6 12. Qb4 Re8 13. e3 Nc6 14. Qb1 Na5 15.
Be2 Nac4 16. Bc5 Na4 17. Qb4 Nab2 18. Qb3 Bd7 19. Qxb7 Qa5 20. Bb4 Qa4 21. Qxd5
Rac8 22. O-O Bc6 23. Qh5 Nd2 0-1

[Event "Amplico ch-EUR Blitz"]
[Site "Warsaw POL"]
[Date "2012.12.14"]
[Round "8.1"]
[White "Erdos, Viktor"]
[Black "Jaracz, Pawel"]
[Result "0-1"]
[WhiteElo "2640"]
[BlackElo "2548"]
[EventDate "2012.12.14"]

1. c4 c5 2. g3 Nc6 3. Bg2 g6 4. Nc3 Bg7 5. Nf3 d6 6. O-O e6 7. a3 Nge7 8. b4 Qd7
9. Bb2 O-O 10. Qb3 b6 11. e3 Bb7 12. Ne2 e5 13. d4 cxd4 14. exd4 exd4 15. Rad1
Nf5 16. Bh3 Rfe8 17. Nf4 Ne5 18. Nd5 Rac8 19. Nd2 Nxc4 20. Nf4 Nxd2 21. Rxd2 Be5
22. Qd3 Bxf4 23. gxf4 Qc6 24. f3 Re3 25. Bxf5 Rxd3 26. Bxd3 Re8 27. Bxd4 Qd5 28.
Bb1 Qh5 29. Rdf2 Qh4 30. Bb2 Qxf4 31. Ba2 Qf5 32. Rd1 Re3 33. Rc1 Rxf3 34. Re1
Qg4+ 35. Rg2 Rf1+ 0-1

[Event "Amplico ch-EUR Blitz"]
[Site "Warsaw POL"]
[Date "2012.12.14"]
[Round "8.2"]
[White "Sargissian, Gabriel"]
[Black "Moranda, Wojciech"]
[Result "1-0"]
[WhiteElo "2666"]
[BlackElo "2559"]
[EventDate "2012.12.14"]

1. d4 Nf6 2. Nf3 g6 3. c4 Bg7 4. g3 O-O 5. Bg2 c5 6. Nc3 cxd4 7. Nxd4 Qc7 8. Nd5
Nxd5 9. cxd5 Qa5+ 10. Bd2 Qb6 11. Bc3 d6 12. O-O Nd7 13. Rc1 a5 14. Qd2 Nc5 15.
Nb3 Nxb3 16. axb3 Qxb3 17. Bxg7 Kxg7 18. Rc7 Re8 19. Rfc1 a4 20. R7c4 h6 21. Rb4
Qa2 22. Qe1 a3 23. Ra1 axb2 24. Rxa2 Rxa2 25. Rxb2 Rxb2 26. Qc3+ 1-0

[Event "Amplico ch-EUR Blitz"]
[Site "Warsaw POL"]
[Date "2012.12.14"]
[Round "8.2"]
[White "Bukavshin, Ivan"]
[Black "Tkachiev, Vladislav"]
[Result "0-1"]
[WhiteElo "2510"]
[BlackElo "2650"]
[EventDate "2012.12.14"]

1. Nf3 Nf6 2. c4 g6 3. Nc3 Bg7 4. g3 O-O 5. Bg2 d6 6. d4 c6 7. O-O Qa5 8. e4 e5
9. h3 Nbd7 10. Re1 exd4 11. Nxd4 Ne5 12. Bf1 Re8 13. Rb1 Be6 14. Nxe6 Rxe6 15.
b4 Qc7 16. f4 Ned7 17. Bg2 Rae8 18. Qd3 a6 19. Be3 b5 20. Bf2 Nb6 21. c5 dxc5
22. e5 c4 23. Qf3 Nfd5 24. Ne4 Na4 25. h4 Rd8 26. h5 a5 27. bxa5 Qxa5 28. hxg6
hxg6 29. Ng5 Re7 30. f5 Qc3 31. Qg4 Rxe5 32. fxg6 fxg6 33. Rxe5 Qxe5 34. Re1 Qf5 0-1

[Event "Amplico ch-EUR Blitz"]
[Site "Warsaw POL"]
[Date "2012.12.14"]
[Round "8.2"]
[White "Petrosian, Tigran L."]
[Black "Kempinski, Robert"]
[Result "1-0"]
[WhiteElo "2648"]
[BlackElo "2599"]
[EventDate "2012.12.14"]

1. Nf3 Nf6 2. g3 d5 3. Bg2 c6 4. c4 Bg4 5. O-O Nbd7 6. cxd5 cxd5 7. Qb3 Qb6 8.
Nc3 e6 9. Qxb6 Nxb6 10. Nb5 Kd8 11. d3 a6 12. Nc3 Nbd7 13. Bf4 Bc5 14. Rac1 Ke7
15. Ne5 Nxe5 16. Bxe5 Bd6 17. Bxd6+ Kxd6 18. h3 Bh5 19. f4 Bg6 20. e4 1-0

[Event "Amplico ch-EUR Blitz"]
[Site "Warsaw POL"]
[Date "2012.12.14"]
[Round "8.2"]
[White "Stocek, Jiri"]
[Black "Fridman, Daniel"]
[Result "0-1"]
[WhiteElo "2557"]
[BlackElo "2667"]
[EventDate "2012.12.14"]

1. d4 d5 2. c4 e6 3. Nc3 Be7 4. cxd5 exd5 5. Bf4 Nf6 6. e3 Bf5 7. Nge2 O-O 8.
Rc1 Bg6 9. Ng3 c5 10. dxc5 d4 11. exd4 Nc6 12. Be3 Re8 13. Bb5 Qa5 14. O-O Rad8
15. Qa4 Qc7 16. Rfd1 Ng4 17. d5 Nxe3 18. fxe3 Bxc5 19. dxc6 Bxe3+ 20. Kh1 Bxc1
21. Rxc1 bxc6 22. Bxc6 Re5 23. Bf3 Rde8 24. Qd1 Qb6 25. b3 h5 26. Nf1 Qf2 27.
Qd6 Re1 28. Rxe1 Rxe1 0-1

[Event "Amplico ch-EUR Blitz"]
[Site "Warsaw POL"]
[Date "2012.12.14"]
[Round "8.2"]
[White "Jaracz, Pawel"]
[Black "Erdos, Viktor"]
[Result "0-1"]
[WhiteElo "2548"]
[BlackElo "2640"]
[EventDate "2012.12.14"]

1. e4 e5 2. Nf3 Nc6 3. Bb5 Nge7 4. Nc3 a6 5. Bc4 Ng6 6. h4 Na5 7. Bf1 d6 8. h5
Ne7 9. d4 Bg4 10. h6 Nec6 11. d5 Nd4 12. Be3 c5 13. hxg7 Bxg7 14. Nb1 f5 15. c3
fxe4 16. cxd4 cxd4 17. Bd2 O-O 18. Qc2 Bf5 19. Nh4 Rc8 20. Qa4 e3 21. fxe3 Qg5
22. Nxf5 Rxf5 23. Qd7 Rcf8 24. Bd3 Qg3+ 25. Kd1 Qg4+ 26. Be2 Rf1+ 27. Rxf1 Rxf1+
28. Kc2 Qxd7 29. Bxf1 Qf5+ 0-1

[Event "Amplico ch-EUR Blitz"]
[Site "Warsaw POL"]
[Date "2012.12.14"]
[Round "8.2"]
[White "Ragger, Markus"]
[Black "Banusz, Tamas"]
[Result "1/2-1/2"]
[WhiteElo "2655"]
[BlackElo "2580"]
[EventDate "2012.12.14"]

1. d4 d5 2. c4 c6 3. Nc3 Nf6 4. e3 g6 5. Nf3 Bg7 6. Be2 O-O 7. O-O Be6 8. Qb3
Qb6 9. Qxb6 axb6 10. cxd5 Nxd5 11. Nxd5 Bxd5 12. a3 Nd7 13. Bd2 e5 14. Bc3 Bxf3
15. Bxf3 exd4 16. exd4 Rfd8 17. Rfe1 Nf6 18. Re7 Rab8 19. Rae1 Bf8 20. R7e5 Rd7
21. h4 Rbd8 22. g3 Nd5 23. Re8 Nxc3 24. bxc3 b5 25. Bd1 Rxe8 26. Rxe8 Kg7 27.
Ra8 h5 28. Bf3 Bd6 29. Kg2 Re7 30. Ra7 Bb8 31. Ra8 Bd6 32. Ra7 Bb8 33. Ra8 1/2-1/2

[Event "Amplico ch-EUR Blitz"]
[Site "Warsaw POL"]
[Date "2012.12.14"]
[Round "9.1"]
[White "Markowski, Tomasz"]
[Black "Tkachiev, Vladislav"]
[Result "0-1"]
[WhiteElo "2558"]
[BlackElo "2650"]
[EventDate "2012.12.14"]

1. g3 g6 2. Bg2 Bg7 3. c4 Nf6 4. Nc3 O-O 5. d3 d6 6. e4 c5 7. Nge2 Nc6 8. O-O
Bg4 9. h3 Bxe2 10. Nxe2 Rb8 11. Nc3 a6 12. a4 Ne8 13. Be3 Nc7 14. a5 Ne6 15. Qa4
Ned4 16. Nd5 e6 17. Nc3 b6 18. axb6 Rxb6 19. Rab1 Qb8 20. Bxd4 Bxd4 21. Ne2 Bxb2
22. Kh2 Bg7 23. Rxb6 Qxb6 24. f4 Nd4 25. Nxd4 Bxd4 26. Re1 Rb8 27. Rf1 Qb3 28.
Qd7 Qxd3 29. f5 Rb2 0-1

[Event "Amplico ch-EUR Blitz"]
[Site "Warsaw POL"]
[Date "2012.12.14"]
[Round "9.1"]
[White "Bukavshin, Ivan"]
[Black "Riazantsev, Alexander"]
[Result "1-0"]
[WhiteElo "2510"]
[BlackElo "2705"]
[EventDate "2012.12.14"]

1. d4 Nf6 2. c4 e6 3. Nc3 Bb4 4. Qc2 d6 5. e3 c5 6. Bd3 Nc6 7. Ne2 cxd4 8. exd4
d5 9. O-O dxc4 10. Bxc4 O-O 11. Rd1 Ne7 12. Bg5 Nfd5 13. a3 Bxc3 14. bxc3 h6 15.
Bh4 b6 16. Ba2 Bb7 17. Bb1 f5 18. c4 Nf6 19. f3 Rc8 20. Qb3 Ng6 21. Bf2 Kh8 22.
a4 Qc7 23. Bd3 Rfe8 24. a5 Rb8 25. axb6 axb6 26. Rdb1 Bc6 27. Nc3 Nf4 28. Bf1 e5
29. d5 Bd7 30. Bxb6 Qc8 31. Qc2 e4 32. Be3 Ng6 33. f4 Ng4 34. Qd2 Nxe3 35. Qxe3
Qc7 36. g3 Rbc8 37. Ra7 Qd8 38. Qb6 Qe7 39. Be2 Nf8 40. Nb5 Rb8 41. Qd4 Rec8 42.
Rba1 Qb4 43. Nc3 Qb2 44. R7a2 Qb4 45. Nd1 Qe7 46. Ne3 Rb3 47. Ra7 Rcb8 48. R1a6
Rb1+ 49. Bf1 R1b7 50. Rxb7 Rxb7 51. c5 Rb1 52. c6 Bc8 53. Ra7 Qf6 54. Qxf6 gxf6
55. Ra8 1-0

[Event "Amplico ch-EUR Blitz"]
[Site "Warsaw POL"]
[Date "2012.12.14"]
[Round "9.1"]
[White "Nyzhnyk, Illya"]
[Black "Banusz, Tamas"]
[Result "1-0"]
[WhiteElo "2637"]
[BlackElo "2580"]
[EventDate "2012.12.14"]

1. d4 d5 2. c4 c6 3. Nf3 Nf6 4. Nc3 e6 5. g3 dxc4 6. Bg2 Nbd7 7. a4 Bb4 8. O-O
O-O 9. Qc2 a5 10. e4 h6 11. Rd1 Qe7 12. Bf4 b6 13. Na2 Bb7 14. Nxb4 axb4 15.
Qxc4 Nxe4 16. Ne5 Nxe5 17. dxe5 Ng5 18. h4 Nh7 19. Rd6 c5 20. Rxb6 Bxg2 21. Kxg2
Rfd8 22. Rd6 Qb7+ 23. f3 Rxd6 24. exd6 Qc6 25. Be3 Qxd6 26. Qxc5 Qd3 27. Bf2 b3
28. a5 Nf6 29. Qd4 Qb5 30. Qb6 Qd3 31. a6 Qd5 32. a7 Kh7 33. Qd4 Qb7 34. Qd3+ g6
35. Qa6 Qd5 36. Qb6 Ng4 37. Qd4 Ne5 38. Qxd5 exd5 39. Bd4 Nc6 40. Bc5 Kg7 41.
Ra6 Nd8 42. Rd6 Ne6 43. Bb6 Kf6 44. Rxd5 Ke7 45. f4 Ng7 46. Bd4 Nf5 47. Bf2 h5
48. Rb5 1-0

[Event "Amplico ch-EUR Blitz"]
[Site "Warsaw POL"]
[Date "2012.12.14"]
[Round "9.2"]
[White "Tkachiev, Vladislav"]
[Black "Markowski, Tomasz"]
[Result "1/2-1/2"]
[WhiteElo "2650"]
[BlackElo "2558"]
[EventDate "2012.12.14"]

1. Nf3 c5 2. c4 Nf6 3. Nc3 Nc6 4. e3 e6 5. d4 d5 6. a3 a6 7. dxc5 Bxc5 8. b4 Ba7
9. Bb2 O-O 10. Qc2 d4 11. exd4 Nxd4 12. Nxd4 Bxd4 13. Be2 e5 14. O-O Be6 15. Na4
Rc8 16. Rad1 Re8 17. Nc5 Qe7 18. Bxd4 exd4 19. Rxd4 Bf5 20. Qxf5 Qxe2 21. h3 b6
22. Nd7 Nxd7 23. Qxd7 g6 24. Rf4 Qe6 25. Qb7 a5 26. bxa5 bxa5 27. Qb5 Qe5 28. g3
Rc5 29. Qd7 Re7 30. Qd3 Kg7 31. Rd4 Qe2 32. Qc3 Qe5 33. Rfd1 h5 34. h4 Qf6 35.
Qd2 Rce5 36. Qf4 Re1+ 37. Rxe1 Rxe1+ 38. Kh2 Qxf4 39. Rxf4 Ra1 40. c5 Rxa3 41.
Rc4 Rb3 42. c6 Rb8 43. c7 Rc8 44. Rc5 1/2-1/2

[Event "Amplico ch-EUR Blitz"]
[Site "Warsaw POL"]
[Date "2012.12.14"]
[Round "9.2"]
[White "Kempinski, Robert"]
[Black "Erdos, Viktor"]
[Result "1/2-1/2"]
[WhiteElo "2599"]
[BlackElo "2640"]
[EventDate "2012.12.14"]

1. Nf3 g6 2. c4 Bg7 3. g3 c5 4. Bg2 Nc6 5. O-O d6 6. e3 e5 7. Nc3 Nge7 8. a3 h6
9. Rb1 a5 10. Nb5 Be6 11. b3 a4 12. d4 Bf5 13. Rb2 exd4 14. exd4 axb3 15. dxc5
dxc5 16. Nd6+ Kf8 17. Rxb3 Na5 18. Rb5 b6 19. Nh4 Bd7 20. Qf3 Kg8 21. Qxa8 Qxa8
22. Bxa8 Nxc4 23. Nxc4 Bxb5 24. Re1 Kh7 25. Nxb6 Rb8 26. Rxe7 Rxb6 27. Rxf7 Bc4
28. Rb7 Rd6 29. Rxg7+ Kxg7 30. Be3 Rd1+ 31. Kg2 Bf1+ 32. Kf3 c4 33. Be4 c3 34.
Nxg6 Bc4 35. Nf4 Bb3 36. Nh5+ Kf7 37. Bxh6 c2 38. Bxc2 Bxc2 39. Be3 Rd3 40. Nf4
Bd1+ 41. Ke4 Rxa3 42. h4 Ra4+ 43. Bd4 Bc2+ 44. Ke3 Ra3+ 45. Kd2 Be4 46. h5 Bf3
47. h6 Kg8 48. Ne6 Be4 49. Nf4 Kh7 50. Bg7 Rf3 51. Ke2 Ra3 52. Ne6 Kg6 53. Nf4+
Kf7 54. Kd2 Rf3 55. Nh3 Kg6 56. Ke2 Ra3 57. Nf4+ Kf7 58. Kd2 Bb1 59. Bd4 Ra6 60.
Be3 Rxh6 61. g4 1/2-1/2

[Event "Amplico ch-EUR Blitz"]
[Site "Warsaw POL"]
[Date "2012.12.14"]
[Round "10.1"]
[White "Fridman, Daniel"]
[Black "Sargissian, Gabriel"]
[Result "0-1"]
[WhiteElo "2667"]
[BlackElo "2666"]
[EventDate "2012.12.14"]

1. c4 e6 2. g3 d5 3. Nf3 dxc4 4. Bg2 c5 5. Qa4+ Bd7 6. Qxc4 Bc6 7. O-O Nf6 8.
Nc3 Nbd7 9. Qb3 Be7 10. d3 O-O 11. e4 Rc8 12. Qc2 Ng4 13. Bf4 Bf6 14. Rad1 Nge5
15. Nxe5 Nxe5 16. h3 Qa5 17. Be3 Rfd8 18. f4 Ng6 19. Kh2 Bd4 20. Qe2 Bxc3 21.
bxc3 Qxc3 22. f5 exf5 23. exf5 Bxg2 24. Qxg2 Ne5 25. Qxb7 Nxd3 26. f6 g6 27. Qf3
c4 28. Rd2 Qe5 29. Bxa7 Re8 30. Bg1 Re6 31. h4 h5 32. a4 Qa5 33. Re2 Rxe2+ 34.
Qxe2 Qxa4 35. Qe3 Qb4 36. g4 hxg4 37. h5 Qd6+ 38. Kg2 Qd5+ 39. Kg3 Qxh5 40. Kg2
Qh3+ 41. Qxh3 gxh3+ 42. Kxh3 c3 43. Be3 c2 44. Bc1 Nxc1 45. Rxc1 Rc4 0-1

[Event "Amplico ch-EUR Blitz"]
[Site "Warsaw POL"]
[Date "2012.12.14"]
[Round "10.1"]
[White "Tkachiev, Vladislav"]
[Black "Ragger, Markus"]
[Result "1-0"]
[WhiteElo "2650"]
[BlackElo "2655"]
[EventDate "2012.12.14"]

1. e4 e5 2. Nc3 Nf6 3. g3 Nc6 4. Bg2 Bc5 5. Nge2 a6 6. d3 d6 7. O-O Be6 8. Nd5
h6 9. Kh1 O-O 10. f4 Bxd5 11. exd5 Ne7 12. fxe5 dxe5 13. Rxf6 gxf6 14. Bxh6 Nf5
15. Bxf8 Qxf8 16. Qd2 Be3 17. Qc3 Qh6 18. Rf1 Bd4 19. Qe1 Ne3 20. Qd2 Kg7 21.
Nxd4 exd4 22. Rf4 Rh8 23. h3 Qg5 24. Qf2 Qe5 25. Kg1 Re8 26. Re4 1-0

[Event "Amplico ch-EUR Blitz"]
[Site "Warsaw POL"]
[Date "2012.12.14"]
[Round "10.1"]
[White "Romanov, Evgeny"]
[Black "Nyzhnyk, Illya"]
[Result "1-0"]
[WhiteElo "2616"]
[BlackElo "2637"]
[EventDate "2012.12.14"]

1. c4 Nf6 2. Nc3 g6 3. e4 d6 4. d4 Bg7 5. Bd3 O-O 6. Nge2 c5 7. d5 h5 8. O-O a6
9. a4 Nbd7 10. Bc2 Nb6 11. b3 e5 12. dxe6 Bxe6 13. h3 Ne8 14. Be3 Nd7 15. Qd2 h4
16. Rad1 f6 17. f4 f5 18. Rfe1 Ndf6 19. Bxc5 Qc7 20. Bf2 Nh5 21. Bxh4 Qc5+ 22.
Bf2 Qc7 23. exf5 Bxf5 24. Nd5 Qf7 25. Bxf5 gxf5 26. Nd4 Nef6 27. Ne7+ Kh7 28.
Nexf5 Rae8 29. Nxd6 Qg6 30. Nxe8 Ne4 31. Rxe4 1-0

[Event "Amplico ch-EUR Blitz"]
[Site "Warsaw POL"]
[Date "2012.12.14"]
[Round "10.1"]
[White "Petrosian, Tigran L."]
[Black "Le Roux, Jean-Pierre"]
[Result "0-1"]
[WhiteElo "2648"]
[BlackElo "2569"]
[EventDate "2012.12.14"]

1. Nf3 Nf6 2. g3 g6 3. Bg2 Bg7 4. O-O O-O 5. d4 d5 6. c4 Nc6 7. cxd5 Nxd5 8. Nc3
Bf5 9. Nh4 Be6 10. e4 Nxc3 11. bxc3 Na5 12. Re1 Qd7 13. Qc2 c5 14. d5 Bh3 15.
Bh1 Nc4 16. Nf3 Bg4 17. a4 e6 18. Nd2 exd5 19. exd5 Rfe8 20. Re4 Nd6 21. Re3
Rxe3 22. fxe3 Re8 23. e4 f5 24. Nf1 Nxe4 25. Ne3 Nxc3 26. Ra3 Ne2+ 27. Kf1 Nxc1
28. Nxg4 fxg4 29. Qxc1 Rf8+ 30. Ke2 Qf5 31. Qe3 Qc2+ 32. Qd2 Rf2+ 33. Kxf2 Qxd2+ 0-1

[Event "Amplico ch-EUR Blitz"]
[Site "Warsaw POL"]
[Date "2012.12.14"]
[Round "10.2"]
[White "Kempinski, Robert"]
[Black "Istratescu, Andrei"]
[Result "0-1"]
[WhiteElo "2599"]
[BlackElo "2654"]
[EventDate "2012.12.14"]

1. d4 g6 2. g3 Bg7 3. Bg2 d6 4. Nf3 Nd7 5. O-O e5 6. e4 Ne7 7. c4 O-O 8. Nc3 h6
9. Re1 Nc6 10. Be3 exd4 11. Nxd4 Nde5 12. Nxc6 bxc6 13. c5 Nc4 14. Qc1 Nxe3 15.
Qxe3 Rb8 16. Rab1 Be6 17. cxd6 cxd6 18. Qxa7 c5 19. Qa6 Ra8 20. Qd3 Ra5 21. a3
Qe7 22. Nd5 Bxd5 23. exd5 Qa7 24. h4 h5 25. Re2 Ra4 26. Rbe1 Qb8 27. Qc2 Ra6 28.
Rb1 Rb6 29. b3 Rc8 30. Bh3 Re8 31. Rxe8+ Qxe8 32. a4 Ra6 33. Qd3 Ra7 34. Kg2 Bd4
35. Qf3 Re7 36. Kf1 Qd8 37. b4 cxb4 38. Rxb4 Bc5 39. Re4 Rb7 40. Re2 Rb4 41. a5
Ra4 42. Kg2 Rxa5 43. Qe4 Kg7 0-1

[Event "Amplico ch-EUR Blitz"]
[Site "Warsaw POL"]
[Date "2012.12.14"]
[Round "10.2"]
[White "Dziuba, Marcin"]
[Black "Edouard, Romain"]
[Result "0-1"]
[WhiteElo "2602"]
[BlackElo "2686"]
[EventDate "2012.12.14"]

1. c4 Nf6 2. g3 e5 3. Bg2 c6 4. d4 exd4 5. Qxd4 d5 6. Nf3 Be6 7. cxd5 cxd5 8.
O-O Nc6 9. Qd1 Bc5 10. Nc3 O-O 11. Na4 Be7 12. Be3 Ne4 13. Rc1 Qa5 14. Nd4 Nxd4
15. Bxd4 Rac8 16. Rxc8 Rxc8 17. a3 Qa6 18. Nc3 Nxc3 19. Bxc3 Bxa3 20. Bxd5 Rd8
21. e4 Bf8 22. Qb3 Bh3 23. Bxf7+ Kh8 24. Bc4 b5 25. Bxb5 Qb7 26. Rd1 Rxd1+ 27.
Qxd1 Qxb5 28. e5 Qc6 29. f3 Bc5+ 30. Kh1 h6 31. Qe2 Qd5 32. Be1 Qd4 0-1

[Event "Amplico ch-EUR Blitz"]
[Site "Warsaw POL"]
[Date "2012.12.14"]
[Round "11.1"]
[White "Sargissian, Gabriel"]
[Black "Istratescu, Andrei"]
[Result "1/2-1/2"]
[WhiteElo "2666"]
[BlackElo "2654"]
[EventDate "2012.12.14"]

1. d4 g6 2. e4 Bg7 3. Nf3 d6 4. c3 Nf6 5. Bd3 O-O 6. O-O Nc6 7. Nbd2 e5 8. Re1
Nh5 9. Nb3 a5 10. a4 exd4 11. Nfxd4 Nxd4 12. Nxd4 Re8 13. Be3 Nf6 14. Bd2 d5 15.
exd5 Rxe1+ 16. Qxe1 Qxd5 17. Be2 c6 18. Bf3 Qd6 19. h3 Bd7 20. Rd1 Re8 21. Qf1
Nd5 22. Bc1 Qc7 23. Bxd5 cxd5 24. Nb5 Qe5 25. Be3 Bf8 26. Qd3 Bc6 27. Qd4 Qxd4
28. Nxd4 Bg7 29. Ra1 Bxd4 30. cxd4 Kf8 31. b3 Ke7 32. Rc1 Kd7 1/2-1/2

[Event "Amplico ch-EUR Blitz"]
[Site "Warsaw POL"]
[Date "2012.12.14"]
[Round "11.1"]
[White "Tkachiev, Vladislav"]
[Black "Fridman, Daniel"]
[Result "1/2-1/2"]
[WhiteElo "2650"]
[BlackElo "2667"]
[EventDate "2012.12.14"]

1. c4 Nf6 2. Nc3 e6 3. e4 c5 4. Nf3 Nc6 5. Be2 Nd4 6. O-O d6 7. d3 Be7 8. Be3 e5
9. Ne1 O-O 10. f4 Nxe2+ 11. Qxe2 exf4 12. Bxf4 Be6 13. Nc2 g6 14. Ne3 Nh5 15.
Bh6 Re8 16. Ned5 f5 17. Rae1 Bf7 18. Qf3 Bf6 19. Nxf6+ Qxf6 20. g4 Ng7 21. Qg3
Qd4+ 22. Kh1 fxg4 23. Nb5 Nh5 24. Qxd6 Qxd6 25. Nxd6 Re7 26. e5 Be6 27. Rf2 Rd7
28. Ref1 Rdd8 29. Kg2 Rab8 30. a4 b6 31. Bg5 Rd7 32. b3 Kg7 33. Bf6+ Kg8 34. Bg5
Kg7 35. Bf6+ Kg8 36. d4 cxd4 37. Rd2 Rf8 38. Rxd4 h6 39. Bh4 Rxf1 40. Kxf1 g5
41. Bg3 Rd8 42. Ke2 Rf8 43. Ne4 Nf4+ 44. Bxf4 Rxf4 45. Nf6+ Kf7 46. Rd6 Rf5 47.
Nxg4 Ke7 48. Rc6 h5 49. Rc7+ Bd7 50. Ne3 Rxe5 51. Rxa7 g4 52. Kf2 h4 53. Nxg4
Rf5+ 54. Ke2 h3 55. Ne3 Re5 56. Ra8 Kd6 57. Rd8 Kc7 58. Rh8 Be6 59. Kd3 Rg5 60.
Rh6 Kd7 61. Ke4 Rg1 62. Nd5 Rg2 63. Nf4 Bg4 64. Rxb6 Rxh2 65. Rg6 Bd1 66. Rh6
Bg4 67. Rh4 Bd1 68. Rxh3 Rxh3 69. Nxh3 Bxb3 70. Kd4 Bxa4 1/2-1/2

[Event "Amplico ch-EUR Blitz"]
[Site "Warsaw POL"]
[Date "2012.12.14"]
[Round "11.1"]
[White "Ragger, Markus"]
[Black "Bartel, Mateusz"]
[Result "1-0"]
[WhiteElo "2655"]
[BlackElo "2629"]
[EventDate "2012.12.14"]

1. d4 f5 2. c4 Nf6 3. Nc3 g6 4. h4 d6 5. h5 Nxh5 6. Rxh5 gxh5 7. e4 fxe4 8.
Qxh5+ Kd7 9. Nxe4 Qe8 10. Qh4 c6 11. Be2 Kc7 12. Bh5 Qd7 13. d5 Bg7 14. Ne2 Na6
15. Nf4 Qd8 16. Ng5 Bf6 17. Nge6+ Bxe6 18. Nxe6+ Kb8 19. Bg5 Qa5+ 20. Kf1 Bxg5
21. Qxg5 Nc7 22. Qxe7 Nxe6 23. dxe6 Qc7 24. Qf6 Qc8 25. e7 Kc7 26. Re1 Qd7 27.
Qg7 Rag8 28. Qf7 Re8 29. Qg7 Reg8 30. Qf7 Re8 31. c5 dxc5 32. Qf4+ Kb6 33. Bxe8
Rxe8 34. Qe4 h6 35. f4 Qd6 36. f5 Kc7 37. Qe5 Qxe5 38. Rxe5 Kd6 39. f6 Kxe5 40.
f7 Rxe7 41. f8=Q Re6 42. Qxc5+ Kf6 43. Qxa7 1-0

[Event "Amplico ch-EUR Blitz"]
[Site "Warsaw POL"]
[Date "2012.12.14"]
[Round "11.1"]
[White "Le Roux, Jean-Pierre"]
[Black "Edouard, Romain"]
[Result "0-1"]
[WhiteElo "2569"]
[BlackElo "2686"]
[EventDate "2012.12.14"]

1. d4 e6 2. Nf3 c5 3. g3 cxd4 4. Nxd4 Nf6 5. Bg2 d5 6. O-O Be7 7. c4 O-O 8. cxd5
exd5 9. Nc3 Nc6 10. Bf4 Bg4 11. h3 Bh5 12. Nf5 d4 13. Nb5 Bc5 14. Rc1 Bb6 15.
Nfd6 Qd7 16. Nxb7 Nb4 17. Qa4 Nbd5 18. Nc5 Bxc5 19. Rxc5 Nxf4 20. gxf4 Bxe2 21.
Qxd4 Bxb5 22. Qxd7 Bxd7 23. Bxa8 Rxa8 24. f5 Kf8 25. Re1 a6 26. b4 Bb5 27. f3
Rd8 28. Rc2 g6 29. fxg6 hxg6 30. Kf2 Nh5 31. Re4 f5 32. Rh4 Kg7 33. Ke3 Kf6 34.
Rd4 f4+ 35. Ke4 Ng3+ 36. Kxf4 Rxd4+ 37. Kxg3 Rxb4 0-1

[Event "Amplico ch-EUR Blitz"]
[Site "Warsaw POL"]
[Date "2012.12.14"]
[Round "11.1"]
[White "Bukavshin, Ivan"]
[Black "Gajewski, Grzegorz"]
[Result "1-0"]
[WhiteElo "2510"]
[BlackElo "2644"]
[EventDate "2012.12.14"]

1. c4 e6 2. g3 Nf6 3. Bg2 d5 4. Nf3 d4 5. O-O c5 6. d3 Nc6 7. e3 Be7 8. exd4
cxd4 9. a3 a5 10. Re1 O-O 11. Nbd2 Nd7 12. Rb1 Nc5 13. Ne4 Na6 14. Qc2 e5 15. c5
Be6 16. Bd2 a4 17. Qd1 Bxc5 18. Nfg5 Bb3 19. Qh5 h6 20. Nf3 f5 21. Nxc5 Nxc5 22.
Nxe5 Nxe5 23. Rxe5 Nxd3 24. Rxf5 Rxf5 25. Qxf5 Bc2 26. Bd5+ Kh8 27. Be4 1-0

[Event "Amplico ch-EUR Blitz"]
[Site "Warsaw POL"]
[Date "2012.12.14"]
[Round "11.1"]
[White "Dziuba, Marcin"]
[Black "Petrosian, Tigran L."]
[Result "1-0"]
[WhiteElo "2602"]
[BlackElo "2648"]
[EventDate "2012.12.14"]

1. Nf3 Nf6 2. g3 d5 3. Bg2 c6 4. O-O Bg4 5. d3 Nbd7 6. Nbd2 e5 7. h3 Bh5 8. Qe1
Qc7 9. e4 dxe4 10. dxe4 a5 11. a4 Bb4 12. Qe2 O-O 13. c3 Bc5 14. Nc4 Rfe8 15.
Qc2 Nb6 16. Ne3 Rad8 17. Nh4 Nbd7 18. Re1 Ba7 19. Nc4 b5 20. axb5 cxb5 21. Nxa5
Nc5 22. Bf1 Bb6 23. Bxb5 Ncxe4 24. Be3 Bxe3 25. Rxe3 Rd2 26. Qa4 Red8 27. Nc6
Rd1+ 28. Rxd1 Rxd1+ 29. Kg2 g5 30. Nf5 Rd2 31. Qa8+ Rd8 32. Qxd8+ Qxd8 33. Nxd8
Nc5 34. Rxe5 Nb3 35. Bc4 Nd2 36. Bxf7+ Bxf7 37. Nh6+ Kg7 38. Nhxf7 Nc4 39. Rxg5+
Kf8 40. Rf5 Ke7 41. Rxf6 Kxf6 42. b4 h5 43. f4 Nd2 44. g4 h4 45. b5 Nc4 46. Kf3
Ke7 47. g5 Nb6 48. g6 Kf6 49. f5 Nd5 50. c4 Ne7 51. b6 Nxf5 52. b7 Nd4+ 53. Ke4 1-0

[Event "Amplico ch-EUR Blitz"]
[Site "Warsaw POL"]
[Date "2012.12.14"]
[Round "11.2"]
[White "Istratescu, Andrei"]
[Black "Sargissian, Gabriel"]
[Result "1/2-1/2"]
[WhiteElo "2654"]
[BlackElo "2666"]
[EventDate "2012.12.14"]

1. e4 e5 2. Nf3 Nc6 3. Bb5 Nf6 4. d3 Bc5 5. c3 d6 6. Qe2 Bb6 7. Nbd2 Bd7 8. Nc4
Na5 9. Bxd7+ Qxd7 10. Ne3 Nc6 11. O-O Ne7 12. a4 Bxe3 13. Bxe3 Ng6 14. Bg5 Qe6
15. d4 O-O 16. d5 Qe7 17. Nh4 Nxh4 18. Bxh4 h6 19. Qe3 g5 20. Bxg5 hxg5 21.
Qxg5+ Kh8 22. Qh4+ Kg8 23. Qg5+ Kh8 24. Qh4+ Kg8 25. Qg5+ Kh8 1/2-1/2